000 00424nam a22001817a 4500
005 20230403144321.0
008 230331b |||||||| |||| 00| 0 eng d
020 _a978-935051-769-7
041 _aeng
082 _a519.5 GUP-F
100 _aGUPTA,S.C
_97684
245 _aFUNDAMENTALS OF STATISTICS
250 _a7th ed.
260 _c2022
300 _a273;P.
650 _aPHARMACY
_xB. PHARMA
_97685
942 _cBK
999 _c8254
_d8252